| 000 | 00345nam a2200121 4500 | ||
|---|---|---|---|
| 999 |
_c514985 _d514985 |
||
| 082 | _aAB45 M18 | ||
| 100 |
_aSaunsthan, Mahalasa _920018 |
||
| 245 |
_aShri Mahalasa Saunsthan, Mardol,Goa: temple information book _cby Mahalasa Saunsthan |
||
| 260 |
_aGoa _bThe author |
||
| 300 | _a98p. | ||
| 650 |
_aHinduism _920047 |
||
| 650 |
_aReligion _920048 |
||